Viaje a traves del universo : planetas lejanos (i) /

Guardado en:
Autor Principal: Viñuales Solé, Julián
Formato: Libro
Publicado: Barcelona : Folio
Materias:
Etiquetas: Agregar Etiqueta
Sin Etiquetas, Sea el primero en etiquetar este registro!
LEADER 00667nam a22001815a 4500
001 CEM.cems011399
005 20071214182606.0
008 130507b######################000#0#####d
003 CEMS
020 |a 8475839282 
082 0 4 |a 520 
100 1 |a Viñuales Solé, Julián 
245 1 0 |a Viaje a traves del universo :  |b planetas lejanos (i) /  |c Dirección Editorial Julián Viñuales Solé 
260 |a Barcelona :  |b Folio 
300 |a v. 3 : 72 p. 
505 0 |a Más allá del anillo de asteroides -- Expediciones de descubrimiento -- El planeta estelar -- Anatomía de un gigante 
653 |a Astronomía 
859 |a CEMS  |b BIB. CEMS - 11 de abril  |h 520  |i V799  |p 22331.04  |t Ej.1  |v III  |3 III